When do governments promote women's rights? A framework for the comparative analysis of sex equality policy (Record no. 87225)

000 -LEADER
fixed length control field 00470pab a2200169 454500
008 - FIXED-LENGTH DATA ELEMENTS--GENERAL INFORMATION
fixed length control field 180718b2010 xxu||||| |||| 00| 0 eng d
100 ## - MAIN ENTRY--PERSONAL NAME
Personal name Htun, Mala
245 ## - TITLE STATEMENT
Title When do governments promote women's rights? A framework for the comparative analysis of sex equality policy
260 ## - PUBLICATION, DISTRIBUTION, ETC.
Date of publication, distribution, etc. 2010
300 ## - PHYSICAL DESCRIPTION
Extent p.207-15.
362 ## - DATES OF PUBLICATION AND/OR SEQUENTIAL DESIGNATION
Dates of publication and/or sequential designation Mar
650 ## - SUBJECT ADDED ENTRY--TOPICAL TERM
Topical term or geographic name entry element Womens rights
700 ## - ADDED ENTRY--PERSONAL NAME
Personal name Weldon, Laurel S.
773 ## - HOST ITEM ENTRY
Main entry heading Perspectives on Politics
908 ## - PUT COMMAND PARAMETER (RLIN)
Put command parameter N
909 ## -
-- 87225
Holdings
Withdrawn status Lost status Damaged status Not for loan Permanent Location Current Location Date acquired Serial Enumeration / chronology Barcode Date last seen Price effective from Koha item type
        Indian Institute of Public Administration Indian Institute of Public Administration 2018-07-19 Volume no: 8, Issue no: 1 AR87685 2018-07-19 2018-07-19 Articles

Powered by Koha